| 000 | 00718nas a2200241 4500 | ||
|---|---|---|---|
| 001 | BR7702307 | ||
| 003 | BR-BrBNA | ||
| 005 | 20231205083154.0 | ||
| 007 | ta | ||
| 008 | 230509b bl.|||p| |||| 00| 00por d | ||
| 040 |
_aBR-BrBNA _bpor _cBiblioteca Nacional de Agricultura |
||
| 041 | _a(Pt) | ||
| 072 | _aK20; U10 | ||
| 100 | 1 | _aBrum, E.T. | |
| 100 | 1 | _aAbreu, P.S.C. | |
| 100 | 1 | _aOliveira, Y.M.M. de | |
| 245 | 1 | _aUtilidade da rede PERT/CPM no setor florestal [Planejamento florestal] | |
| 650 | _aPLANEJAMENTO FLORESTAL | ||
| 650 | _aESTATISTICA | ||
| 773 | 0 |
_tFloresta (Brazil) _xISSN 0015-3826 _g(Dec 1977), v. 8(2) p. 33-46 _wBR7702307 |
|
| 909 |
_a202311 _bLúcia _c55 _dLúcia Elande |
||
| 942 |
_2AGRIS _n0 _cANA |
||
| 999 |
_c96899 _d96899 |
||